The Cattleyas and their relatives : (Registro nro. 5433)
[ vista simple ]
| 000 -CABECERA | |
|---|---|
| Campo de control | 01267cam a2200313 a 4500 |
| 005 - FECHA Y HORA DE LA ULTIMA TRANSACCION | |
| Campo de control | 20160906154221.0 |
| 008 - ELEMENTOS DE LONGITUD FIJA—INFORMACION GENERAL | |
| Campo de control | 880304m19882000orua b 001 0 eng |
| 020 ## - ISBN | |
| ISBN | 0881920991 (v. 1) |
| 020 ## - ISBN | |
| ISBN | 0881921610 (v. 2) |
| 020 ## - ISBN | |
| ISBN | 0881922692 (v. 3) |
| 020 ## - ISBN | |
| ISBN | 0881923443 (v. 4) |
| 020 ## - ISBN | |
| ISBN | 0881924563 (v. 5) |
| 020 ## - ISBN | |
| ISBN | 0881924369 (v. 6) |
| 040 ## - FUENTE DE CATALOGACIÓN | |
| Agencia catalogadora original | DLC |
| Agencia transcriptora | DLC |
| Agencia Modificadora | DLC |
| -- | CO-BoIAVH |
| 041 0# - IDIOMA | |
| Código de idioma para texto/pista de sonido o título separado | Español |
| 044 ## - PAÍS DE PUBLICACIÓN | |
| País de publicación | Colombia |
| 082 04 - NUMERO DE CLASIFICACION DECIMAL DEWEY | |
| Número de clasificación | 584.40723 |
| Número del ítem | W82c |
| 100 1# - ASIENTO PRINCIPAL--NOMBRE PERSONAL | |
| Nombre personal | Withner, Carl L. |
| 9 (RLIN) | 75870 |
| 245 14 - MENCION DE TITULO | |
| Título | The Cattleyas and their relatives : |
| Parte restante del título | a book in six parts / |
| Mención de responsabilidad | by Carl L. Withner. |
| 260 ## - PUBLICACION, DISTRIBUCION, ETC. (PIE DE IMPRENTA) | |
| Lugar de publicación, distribución, etc. | Portland, Or. : |
| Nombre del editor, distribuidor, etc. | Timber Press, |
| Fecha de publicación, distribución, etc. | c1988-c2000. |
| 300 ## - DESCRIPCION FISICA | |
| Extensión | 6 volúmenes : |
| Otros detalles físicos | ilustraciones (algunas a color) ; |
| Dimensiones | 27 cm. |
| 504 ## - NOTA DE BIBLIOGRAFIA, ETC. | |
| Nota de bibliografía | Incluye referencias bibliográficas e índices. |
| 505 0# - NOTA DE CONTENIDO | |
| Nota de contenido | v. 1. The Cattleyas -- v. 2. The Laelias -- v. 3. Schomburgkia, Sophronitis, and other South American genera -- v. 4. The Bahamian and Caribbean species -- v. 5. Brassavola, encylia, and other genera of México and Central America -- v. 6. The South American Encyclia species. |
| 650 26 - ASIENTO SECUNDARIO DE MATERIA - TERMINO TEMATICO | |
| Término temático o nombre geográfico como elemento de entrada | Orquídeas |
| 9 (RLIN) | 75871 |
| 650 26 - ASIENTO SECUNDARIO DE MATERIA - TERMINO TEMATICO | |
| Término temático o nombre geográfico como elemento de entrada | Cattleya |
| 9 (RLIN) | 75872 |
| 650 26 - ASIENTO SECUNDARIO DE MATERIA - TERMINO TEMATICO | |
| Término temático o nombre geográfico como elemento de entrada | Cattleya |
| Subdivisión general | Taxonomía |
| 9 (RLIN) | 75873 |
| 650 24 - ASIENTO SECUNDARIO DE MATERIA - TERMINO TEMATICO | |
| Término temático o nombre geográfico como elemento de entrada | Orquídeas |
| Subdivisión geográfica | América Latina |
| 9 (RLIN) | 75874 |
| 942 ## - ELEMENTOS ADICIONALES (KOHA) | |
| Sistema de clasificación | Dewey Decimal Classification |
| Tipo de ítem | Libro |
| Withdrawn status | Lost status | Sistema de Clasificación | Damaged status | No para préstamo | Colección | Inventariado | Ubicación Permanente | Ubicación actual | Fecha de adquisición | Fuente de Valor | Valor | Total Checkouts | Número topográfico | Inventario / Código de Barras | Date last seen | Ejemplar | Price effective from | Forma de adquisición | Tipo de material |
|---|---|---|---|---|---|---|---|---|---|---|---|---|---|---|---|---|---|---|---|
| Dewey Decimal Classification | General | Inventariado 2017 | Sala Fabio Quevedo | Sala Fabio Quevedo | 11/12/2006 | Instituto | 39000.00 | LB-584.40723 W82c | 023869 | 04/12/2012 | V.1 Ej.1 | 04/12/2012 | Donación | Libro |